Kvalita a jej vnímanie

Definícia a pojem kvality. Kvalita služieb a výrobkov z pohľadu výrobcu a z pohľadu zákazníka. Rozdelenie zákazníkov podľa správania a náročnosti. Rozhodovanie o kúpe produktu. Kvalita a cena. Schopnosť výrobného systému. Fexibilita, inovácie, servis.

Salvato in:
Dettagli Bibliografici
Autore principale: Burieta, Ján
Natura: Capitolo di libro
Lingua:slovacco
Soggetti:
Tags: Aggiungi Tag
Nessun Tag, puoi essere il primo ad aggiungerne!!

MARC

LEADER 00000naa$a2200000$$$4500
001 0115990
005 20230912094508.2
041 0 |a slo 
044 |a SK 
245 1 0 |a Kvalita a jej vnímanie  |c Ján Burieta 
520 |a Definícia a pojem kvality. Kvalita služieb a výrobkov z pohľadu výrobcu a z pohľadu zákazníka. Rozdelenie zákazníkov podľa správania a náročnosti. Rozhodovanie o kúpe produktu. Kvalita a cena. Schopnosť výrobného systému. Fexibilita, inovácie, servis. 
610 2 0 |a kvalita 
610 2 0 |a kvalita výrobkov 
610 2 0 |a normy kvality 
610 2 0 |a riadenie kvality 
610 2 0 |a značky výrobné 
610 2 0 |a inovácia výrobkov 
610 2 0 |a produkty 
610 2 0 |a služby 
610 2 0 |a ceny 
610 2 0 |a požiadavky na výrobky 
610 2 0 |a výrobcovia 
610 2 0 |a zákazníci 
100 1 |a Burieta, Ján